Quizzes
Events
Quiz Creation
Community
Videos
Private Events
Remove Ads
Sign In
Join for FREE
Feedback
Dark Mode
Quiz Categories
Sports
Geography
Music
Movies
Television
Just For Fun
Miscellaneous
History
Literature
Language
Science
Gaming
Entertainment
Religion
Holiday
For Kids
Quiz Lab
Recent
Popular Today
Quiz Kudos Today
Editor Picks
Curator Picks
Quizzes by...
Day
Popularity
Type
Ratings
Length
Year
Community
Subscriptions
Recent Discussions
Orange Saloon
Badges
Playlists
Quests
Create
Leaderboards
Showdown
Live 5
Trivia Bingo
Activity
Puzzle Library
Sporcle Events
Private Events
Virtual Trivia
Globe League
Become a Host
Pub Owners
SporcleCon
Opinionation
Our Games
Videos
Blog
Mobile Apps
Partnerships
Remove Ads and Go Orange
Feedback
Gaming
Video Games
Board Games
Card Games
Pokémon
Mario
Nintendo
Minecraft
Console
Toys
Legend of Zelda
Gaming
Video Games
Board Games
Card Games
Pokémon
Mario
Nintendo
Minecraft
Console
Toys
Legend of Zelda
Random Quiz
Search Sporcle
×
Quiz Lab
Quiz Lab
Gaming
Board Games
Type in answers that appear in a list
Type in answers that appear in a list
Classic
Best Score? Go Orange.
Countries visited by 47 in the Hitman series Stats
Can you name the countries visited by 47?
By
NorwegianSalmon
4m
20 Questions
376 Plays
376 Plays
376 Plays
Comments
Comments
Give Quiz Kudos
Give Quiz Kudos
-
- Ratings
hide this ad
More Info
Random Order
Randomize order of answers
Randomize order of answers
Replay
Link that replays current quiz
Next Quiz
Link to next quiz in quiz playlist
You Got
0%
They Got
Avg Score
63%
Avg Friend Score
Upgrade to see
Score Distribution
Jump to the score distribution portion of the page
Score
0/20
Timer
04:00
0
Plays Today
Visited (Game)
Country
% Correct
Blood Money, Absolution, 6
United States
96.5%
Contracts, Blood Money, 6
France
91.2%
Silent Assassin, 6
Japan
89.1%
Silent Assassin, Contracts
Russia
87.8%
Silent Assassin, 6
Italy
85.9%
Contracts, Absolution
United Kingdom
84.3%
Codename 47, Contracts
China
83.8%
6
Thailand
74%
6
Morocco
71.5%
Silent Assassin
India
70.2%
Visited (Game)
Country
% Correct
6
Australia
63.3%
Codename 47, Contracts
Romania
59.3%
Codename 47
Colombia
55.9%
Codename 47, Contracts
Netherlands
54.3%
6
Cuba
53.7%
Blood Money
Chile
52.7%
Silent Assassin
Afghanistan
46.8%
Sniper Assassin
Austria
46.4%
Silent Assassin
Malaysia
43.9%
Codename 47, Contracts
Hungary
43.1%
Quiz Playlist
Details
Report
Send in Message
Add To Playlist
More Info:
All the countries visited in missions in the four Hitman games.
Classic:
Type in answers that appear in a list
Random Order:
Randomize order of answers
Last Updated: Nov 23, 2017
Quiz Scoreboard
CHALLENGE
Sign Up to Join the Scoreboard
Show All
Scores
Hide
Comments
May contain spoilers
Recently Published
Billboard Blitz: Fleetwood Mac
by CooCooCachoo
Music
15s
Presidents Visiting Landmarks
by Hejman
History
7m
An Introduction to Baseball
by treessimontrees
Sports
5m
More to Explore
Quiz From the Vault
Featured Blog Post
Where Did the Easter Bunny Come From?
hide this ad
You Might Also Like...
Tags
Board Games Quiz
Country Quiz
Hitman
mission
Visited
Today's Top Quizzes in Gaming
Browse Gaming
hide this ad
Today's Top Quizzes in Board Games
Browse Board Games
Top Contributed Quizzes in Gaming
1
5-to-1: Consoles
2
5-to-1: Legend of Zelda
3
7-to-1: Board Game Piece Blitz
4
Destiny 2 exotic weapons by perk icons
5
Ultimate Genshin Impact Logic Puzzle (up to 4.3)
6
Franchise by Action Figure
7
Genshin Impact Logic Puzzle Quiz
8
Who's on the WWE 2K24 Cover?
9
Overwatch Logic Puzzle
10
League of Legends Pro Players by Career/Team History
Explore More
Trending Topics
Anime
Crossword
NBA
Kpop
Marvel
Disney
Harry Potter
NFL
The Office
Soccer
Country
Puzzle
WWE
Song
Pokémon
hide this ad
More By:
NorwegianSalmon
Quiz
Plays
Rating
Category
Featured
Created
Find That Country: Hot or Cold VII
207,186
4.35
Geography
Nov 15, 2010
Two Border 'Risk'
7,298
4.61
Gaming
Oct 12, 2010
Number of Borders by Continent
4,594
4.56
Geography
Oct 29, 2010
History's 100 Greatest Generals *clickable*
4,344
4.41
History
Feb 9, 2013
Straight Line from Italy
3,355
4.60
Geography
Nov 14, 2010
Go to Creator's Profile
Score Distribution
Quiz Creator Spotlight
NorwegianSalmon
Follow
Send a Message
Quizzes Created
-
Created Quiz Play Count
-
More By This Creator
Popular Quizzes Today
1
Find the US States - No Outlines Minefield
2
Find the Countries of Europe - No Outlines Minefield
3
The Countries of the World
4
Find the US States
5
US States
6
Popular People in 1961
7
Risky Map Clicking: Biggest States A-Z
8
Movies - When Are They Set?
More Gaming Quizzes
6-Letter Video Game Characters
Published
Trending Quizzes
Risky Map Clicking: Least Populous States A-Z
1-10 Letter G Words
1-10 Letter F Words
Risky Map Clicking: Next State Alphabetically
Risky Map Clicking: Biggest States A-Z
Recently Updated
Leaping Animals
pecheneg
Reality TV Shows (A-Z)
bhenderson79
Rickey Henderson's Hall of Fame Teammates
pecheneg
Champions League XIs: Arsenal
pecheneg
Quick Pick: Celebrities in WWE's Hall of Fame
aduchscher
A-Z Keypad Blitz II
pecheneg
Multiple Oscar Actors
pecheneg
Mystery Phrase Blitz: Oscar 'Best Actors'
pecheneg
F. Scott Fitzgerald Novels
LTH
Pick 3 Villains
ddd62291
Trending Topics
Marvel
Harry Potter
Kpop
Anime
NBA
Disney
Crossword
NFL
Soccer
Country
WWE
Puzzle
Pokémon
The Office
Song
Your Account Isn't Verified!
In order to create a playlist on Sporcle, you need to verify the email address you used during registration. Go to your
Sporcle Settings
to finish the process.
Report this User
Report this user for behavior that violates our
Community Guidelines
.
Details:
Send Report
Go to the Sporcle.com Mobile Site →
Comments